000 01145nam0a22002771 4500
001 rc\2778775
005 20250810050254.0
035 _a(NLR Aleph) 006905027
090 _a7287588
_c7287588
100 _a20110915d1942 u y0rusy50 ca
101 0 _arus
102 _aRU
105 _aa z |||||
200 1 _aПростейшие способы перевозки скошенного хлеба
_fСоставитель: инж. И. А. Будзко
_gКазфилиал ВАСХНИЛ. Филиал Всесоюз. ин-та механизации и электрификации сельск. хоз. ВИМЭ
210 _aАлма-Ата
_cКазОГИЗ
_d[1942]
215 _a[8] с.
_cил.
_d23 см.
300 _aВ вып. данных составитель: инж. И. А. Будзко
300 _aБез тит. л. и обл.
700 1 _aБудзко
_bИ.А.
_gИгорь Александрович
801 0 _aRU
_bNLR
_gpsbo
801 1 _aRU
_bELAR
_2rusmarc
852 _aNLR
_jС20 Г-6/195
942 _cBOOK
945 _aРоссийская национальная библиотека
980 _aNB
980 _aBV